Sports Quiz

Random Sports Quiz

Boston Bruins 2010-2011 roster Quiz Stats

Quiz not verified by Sporcle

Also try: NBA Mascot Blitz
Challenge
Share
Tweet
Embed
Score 0/26 Timer 07:00
0 Plays Today
% Correct
Zdeno Chara
92.9%
Tim Thomas
91.1%
Patrice Bergeron
89.3%
Milan Lucic
80.4%
David Krejci
80.4%
Tyler Seguin
78.6%
Tuukka Rask
78.6%
Brad Marchand
76.8%
Mark Recchi
75%
Nathan Horton
73.2%
Dennis Seidenberg
71.4%
Shawn Thornton
69.6%
69.6%
% Correct
Gregory Campbell
67.9%
Andrew Ference
66.1%
Chris Kelly
66.1%
Adam McQuaid
64.3%
Johnny Boychuk
64.3%
Marc Savard
62.5%
Tomas Kaberle
60.7%
Rich Peverley
60.7%
Daniel Paille
58.9%
Michael Ryder
58.9%
Steven Kampfer
42.9%
Shane Hnidy
33.9%
Steve Begin
10.7%

You're not logged in!

Compare scores with friends on all Sporcle quizzes.
Join for Free
OR
Log In

You Might Also Like...

Show Comments

Extras

Top Quizzes Today


Score Distribution

Your Account Isn't Verified!

In order to create a playlist on Sporcle, you need to verify the email address you used during registration. Go to your Sporcle Settings to finish the process.

Report this User

Report this user for behavior that violates our Community Guidelines.

Details: